Propiedades marshall y volumétricas de mezclas asfálticas en caliente, en función de la edad de las muestras y su condicionamiento
Պահպանված է:
| Հիմնական հեղինակ: | |
|---|---|
| Այլ հեղինակներ: | |
| Ձևաչափ: | Գիրք |
| Հրապարակվել է: |
San José, Costa Rica
2002
|
| Խորագրեր: | |
| Ցուցիչներ: |
Ավելացրեք ցուցիչ
Չկան պիտակներ, Եղեք առաջինը, ով նշում է այս գրառումը!
|
MARC
| LEADER | 00000nam a2200000Ia 4500 | ||
|---|---|---|---|
| 003 | 008842 | ||
| 005 | 20240515074931.0 | ||
| 008 | 140114s2002 cr a 000 ||s d | ||
| 040 | |c cru CEDI | ||
| 090 | |a TFG 4402 | ||
| 100 | |a Sáenz Muñoz, Marlen Verónica, 1974- |9 3027 | ||
| 245 | |a Propiedades marshall y volumétricas de mezclas asfálticas en caliente, en función de la edad de las muestras y su condicionamiento | ||
| 260 | |a San José, Costa Rica |c 2002 | ||
| 300 | |a 65 hojas : ilustraciones a color | ||
| 500 | |a Proyecto de Graduación(licenciatura en ingeniería civil)--Universidad de Costa Rica. Facultad de Ingeniería. Escuela de Ingeniería Civil | ||
| 501 | |a Director de Proyecto de Graduación: Ing. Mario Arce Jiménez | ||
| 650 | |x ASFALTO |x EMULSIONES ASFALTICAS |x PRUEBAS |x MATERIALES PARA CARRETERAS |9 7593 | ||
| 700 | |a Arce Jiménez, Mario |d Director del TFG |9 3028 | ||
| 942 | |c TFG |h TFG 4402 |i 008842 |6 TFG_4402_008842000000000 | ||
| 999 | |c 18037 |d 18037 | ||
